00478 2200169 4500001002100000005001500021035002000036007000300056008004100059082000700100084001300107100002100120245007600141260004300217300003100260990001700291INLIS00000000000593720260701011855 a0010-0726000002ta260701 u dut  a91 a91 REN b1 aRENSCH, BERNHARD1 aEine biologische reise nach den kleinen sunda-inseln /cBernhard Rensch aBerlin :bGebrüder Borntraeger,c1930 a236 p. :bill. ;c22,5 cm. a0336/KA/2026